000 00372nam a2200133Ia 4500
008 231129s2015||||xx |||||||||||||| ||spa||
020 _a978-958-33-8088-1
082 _aCo861.6 S621p
100 _aSirony Mario.
245 0 _aPaisaje interior: antologí­a poética
260 _c2015
264 _aBogotá : Akerena
942 _2ddc
_cBKS
999 _c22308
_d22308